000 00401nam a2200157 i 4500
001 bg
100 1 _aNAUMOWICZ, Władysław
245 0 _aUrządzenia centralnego smarowania /
_coprac. Władysław Naumowicz.
260 _aWarszawa,
_c1980.
650 9 _aSmarowanie
_xurządzenia
040 _cBPK
041 _apol
080 _a621.89
942 _cKA
008 s pl f |000 0 pol
999 _c10066
_d10066
856 _uhttp://koha.tu.koszalin.pl/cgi-bin/koha/opac-detail.pl?biblionumber=10066
_yKatalog online BPK